| 000 | 00982nas a2200277 a 4500 | ||
|---|---|---|---|
| 001 | 000471207 | ||
| 003 | AM-YEHGA | ||
| 005 | 20250805111843.0 | ||
| 008 | 060118d18851887tu mrzp 0 0arm d | ||
| 040 | _aAM-YEHGA | ||
| 041 | 0 | _aarm | |
| 222 | 0 | _aԳիտական շարժում | |
| 245 | 0 | 0 |
_aԳիտական շարժում: _bՀանդէս ամսեայ / _cՏնօրէն-խմբագրապետ՝ Ն. Տաղաւարեան. |
| 260 |
_aԿ.Պոլիս: _bտպ. Նշան Կ. Պէրպէրեան, _c1885-1887. |
||
| 300 | _aհամար. | ||
| 310 | _aԱմենամսյա | ||
| 362 | 0 | _a1885- | |
| 500 | _aՀաճախականությունն անհայտ է: | ||
| 546 | _aԲնագիրը՝ հայերեն | ||
| 650 | 1 | 4 |
_aԳիտական մամուլ _yXIXդ. _vՊարբերականներ |
| 651 | 4 |
_aՍտամբուլ _95934 |
|
| 651 | 4 | _aԹուրքիա | |
| 655 | 4 | _aԱմսագիր | |
| 700 | 1 |
_aՏաղաւարեան, Ն., _eտնօրէն -խմբագրապետ |
|
| 942 |
_2udc _cCR |
||
| 999 |
_c172326 _d172326 |
||